Designing a human cell perfusion bioreactor systems utilising biomaterials to enrich stem cell niches for the red blood cells production /
Saved in:
| Main Author: | |
|---|---|
| Format: | Unknown |
| Language: | English |
| Published: |
England :
University of Liverpool,
2020
|
| Subjects: | |
| Tags: |
Add Tag
No Tags, Be the first to tag this record!
|
| LEADER | 015690000a22003130004500 | ||
|---|---|---|---|
| 008 | 220127t2020 xxkad g bm 000 0 eng d | ||
| 007 | |||
| 040 | |a UIAM |b eng |e rda | ||
| 100 | 0 | |a Mohd Fuad Bin Rahmat Sam, |e author | |
| 245 | 1 | |a Designing a human cell perfusion bioreactor systems utilising biomaterials to enrich stem cell niches for the red blood cells production / |c Mohd Fuad Bin Rahmat Sam | |
| 264 | 1 | |a England : |b University of Liverpool, |c 2020 | |
| 300 | |a xii, 185 pages : |b illustrations, charts ; |c 30 cm. + |e 1 computer optical disc (4 3/4in.) | ||
| 336 | |2 rdacontent |a text | ||
| 336 | |2 rdacontent |a computer program | ||
| 337 | |2 rdamedia |a unmediated | ||
| 337 | |2 rdamedia |a computer | ||
| 338 | |2 rdacarrier |a volume | ||
| 338 | |2 rdacarrier |a computerdisc | ||
| 500 | |a "Thesis submitted in accordance with the requirements of the University of Liverpool for the degree of Doctor in Philosophy."--On title page. | ||
| 504 | |a Includes bibliographical references (pages 159 - 182) | ||
| 596 | |a 6 | ||
| 655 | 0 | 7 | |a Theses, non-IIUM |
| 655 | 0 | 7 | |a Multimedia collection |
| 710 | 1 | |a University of Liverpool. |e publisher | |
| 710 | 2 | |a University of Liverpool, |e degree granting institution | |
| 900 | |a prelim-sm-mrr to rose | ||
| 999 | |c 441491 |d 472018 | ||
| 952 | |0 0 |6 T XX (566810.10) |7 0 |8 THESES |9 762866 |a KIMC |b KIMC |c CLOSEACCES |g 0.00 |o t XX(566810.10) |p 11100427299 |r 1900-01-02 |t 1 |v 0.00 |y THESIS | ||
| 952 | |0 0 |6 TS CDF XX(566810.10) CD. 000002 |7 7 |8 NONBOOK |9 859415 |a KIMC |b KIMC |c CLOSEACCES |g 0.00 |o ts cdf XX(566810.10) CD. 2 |p 11100427300 |r 1900-01-02 |t 1 |v 0.00 |y CDACCOMP | ||
